00423nam a22001817a 450000500170000000800410001702000150005808200120007310000280008524500280011325000080014126000390014930000120018865000100020065000100021094200060022099900150022620250430070820.0250430b |||||||| |||| 00| 0 eng d a9559553712 222a891 aPathirana, Ruwan Monica aobe ehiliya heya keniya a2nd aNugegodabDeepani Publishersc1995 a62 p ., aPoems aWomen cL c6032d6032